000 00524nam a2200193Ia 4500
003 OSt
005 20191221135928.0
008 190216s9999||||xx |||||||||||||| ||und||
020 _a9788182813830
040 _coclc
082 _a332.4
_bJHI/M
100 _aJhingan, M L
_9469
245 0 _aMonetary Economics /
_cM L Jhingan
250 _a7th ed.
260 _bVrinda Publications,
_c2011.
_aNew Delhi:
300 _a599p
650 _aEconomics
942 _cBK
_2ddc
_h332.4
_iJHI/M
_k332.4
_mJHI/M
999 _c11156
_d11156